000 01247nam a22003737a 4500
003 CHAP
005 20220329133618.0
008 971013s1993 r 00010 d
010 _a8547
011 _a9519
035 _a8754
040 _cCHAP
090 _aTesis
100 0 0 _aCastellanos Bolaños, Juan Francisco.
_919987
245 _aProducción de biomasa y eficiencia de crecimiento en rodales coetáneos de Pinus patula
260 _aMontecillo, Méx. :
_bEl Autor,
_c1993
300 _a75 h.
502 _aTesis (M.C.) -- Colegio de Postgraduados. Programa Forestal
590 _aALEPH
_b10
_c20130110
_lUCH01
_h1223
590 _aBATCH-UPD
_b10
_c20130110
_lUCH01
_h0246
590 _aBATCH-UPD
_b10
_c20130110
_lUCH01
_h1539
590 _aBATCH-UPD
_b10
_c20130409
_lUCH01
_h2316
590 _aBATCH-UPD
_b10
_c20130410
_lUCH01
_h1323
590 _aBATCH-UPD
_b10
_c20130914
_lUCH01
_h0637
590 _aCONVERSION
_b10
_c20130109
_lUCH01
_h1306
650 1 4 _aÁrea foliar.
_982450
650 1 4 _aBiomasa.
_912825
650 1 4 _aPináceas
_xCrecimiento.
_988225
650 1 4 _aPinus patula.
_988356
901 _aBK
942 _cFOLL
949 _bBC
_cTES
_d-19082
_eTS1
_h25708
_i8754
_si
949 _bBC
_cTES
_d-19083
_eTS2
_fc.2
_h25709
_i8754
_si
999 _c8547
_d8547